|
|
|
|
| LEADER |
00000cam a2200000 7i4500 |
| 001 |
0000001220 |
| 005 |
20140215.0 |
| 090 |
0 |
0 |
|a 344.59501
|b SEL 1984
|
| 110 |
1 |
0 |
|a SELANGOR Graduates Society
|
| 245 |
1 |
2 |
|a A worker's guide to labour laws in Malaysia
|c Selangor Graduates Society
|
| 250 |
0 |
0 |
|a 2nd ed.
|
| 260 |
0 |
0 |
|a Kuala Lumpur :
|b Marican ,
|c 1984
|
| 300 |
|
|
|a vi, 88 p. :
|b ill. ;
|c 22 cm.
|
| 500 |
0 |
0 |
|a Bibliography : [p. 86]
|
| 650 |
0 |
0 |
|a Labor contract
|z Malaysia
|
| 650 |
0 |
0 |
|a Labor laws and legislation
|z Malaysia
|
| 998 |
|
|
|a JPSM
|
| 999 |
|
|
|a 0000005718
|b Monograph
|c Open Shelf
|e Default branch
|